Państwa-miasta - ,,n,, - Statystyki

Ogólne statystyki
  • Ten quiz został rozwiązany 493 razy
    464 od ostatniego zresetowania
  • Średni wynik to 4 z 7
Statystyki odpowiedzi
Wskazówka Odpowiedź % Poprawnych
kraj Namibia|Nauru| Nepal |Niemcy| Niger| Nigeria| Nikaragua |Norwegia|Nowa zelandia|Nukualofa
99%
kolor nefrytowy| nektarynkowy| niebieski| niebieskofioletowy
89%
rzeka w polsce Narew |Nil| Nogat| Noteć| Nysa kłodzka| Nysa łużycka
72%
owoc nektarynka |nerkowiec| nanercz|nieśplik
54%
zawód nauczyciel| nurek| neurolog| notariusz |niania
50%
roslina narcyz| nagietek| niezapominajka |nasturcja nawłoć
39%
stolica Nassau|Nikozja| Ndżamena |Nowe delhi| Nur sułtan| Nairobi| Nawakszut| Naypyidaw| Niamey| Ngerulmud
38%
Nie znaleziono quizów pasujących do podanych kryteriów
Rozkład punktacji
Procent ludzi z każdym wynikiem
Percentyl według liczby udzielonych odpowiedzi
Twoja historia wyników
Nie rozwiązałeś tego quizu od ostatniego zresetowania